| 000 | 00718nam a2200157Ia 4500 | ||
|---|---|---|---|
| 008 | 090124s9999 xx 000 0 und d | ||
| 082 | _b44344 | ||
| 245 | _aMANGESH PADGAONKR GRANTHA SUCHI मंगेश पाडगांवकर गं्रथ - सूची | ||
| 250 | _a1 | ||
| 260 |
_bकुसुमाग्रज प्रतिष्ठान नाशिक _c2003 |
||
| 300 | _a91 | ||
| 630 | _aMANGESH PADGAONKR GRANTHA SUCHI मंगेश पाडगांवकर गं्रथ - सूची | ||
| 700 | _aकांबळे नागेश बी. | ||
| 730 | _aMANGESH PADGAONKR GRANTHA SUCHI मंगेश पाडगांवकर गं्रथ - सूची | ||
| 942 | _cBOOK | ||
| 999 |
_c110558 _d110558 |
||